000 00938nam a2200253Ia 4500
020 _a9251049513
040 _cCUS
082 _a363 FOO 2004 A079 Or.
100 1 _aSumner, J. L.
245 1 0 _aApplication of risk assessment in the fish industry /
260 _aRome, Italy :
_bFood and Agriculture Organization of the United Nations,
_c2004
300 _aix, 78 p. :
_bill. ;
_c30 cm. +
_e1 computer optical disk (4 3/4 in.)
490 1 _aFAO fisheries technical paper,
500 _a"Developed as a complete "how to" package on risk assessment for seafood technologists, regulators and health professionals"--P. iv
500 _aAccompanying CD-ROM has title: Resources bank
650 0 _aSeafood industry
650 0 _aFisheries
650 0 _aFishes
650 0 _aRisk assessment
700 1 _aRoss, T.
700 1 _aAbabouch, Lahsen
710 2 _aFood and Agriculture Organization of the United Nations
942 _cEK
999 _c16072
_d16072